|
|
|
|
| LEADER |
01037nam a22003014a 4500 |
| 001 |
27731 |
| 003 |
BD-DhAAL |
| 005 |
20150208120504.0 |
| 008 |
131103s2004 ctu b 001 0 eng |
| 010 |
|
|
|a 2004001529
|
| 020 |
|
|
|a 1565491858 (pbk. : alk. paper)
|
| 020 |
|
|
|a 1565491866 (cloth : alk. paper)
|
| 040 |
|
|
|a DLC
|c DLC
|d DLC
|d BD-DhAAL
|
| 050 |
0 |
0 |
|a JC571
|b .U95 2004
|
| 082 |
0 |
0 |
|a 323/.09172/4
|2 22
|
| 999 |
|
|
|c 14073
|d 14073
|
| 999 |
|
|
|c 14073
|
| 100 |
1 |
|
|a Uvin, Peter,
|d 1962-
|9 3463
|
| 245 |
1 |
0 |
|a Human rights and development /
|c Peter Uvin.
|
| 260 |
|
|
|a Bloomfield, CT :
|b Kumarian Press,
|c 2004.
|
| 300 |
|
|
|a xii, 241 p. ;
|c 23 cm.
|
| 504 |
|
|
|a Includes bibliographical references (p. 211-226) and index.
|
| 541 |
|
|
|e 27731
|
| 650 |
|
0 |
|a Human rights.
|9 3464
|
| 650 |
|
0 |
|a Economic development.
|9 3465
|
| 650 |
|
0 |
|a Human rights
|z Developing countries.
|9 440
|
| 942 |
|
|
|2 ddc
|c BK
|
| 952 |
|
|
|0 0
|1 0
|2 ddc
|4 0
|6 323_091724000000000_UVI
|7 0
|9 23655
|a IGS
|b IGS
|c GEN
|d 2013-11-03
|l 0
|o 323.091724 UVI
|p 3010027731
|r 2013-11-03
|t 1
|w 2013-11-03
|y BK
|